Ako zvládnuť a riadiť počiatočný rast podniku

Šesť najdôležitejších fáz rastu podniku. Internet a jeho dopad na spôsob podnikania. Virtuálny komunikačný a informačný priestor. Distribučný a transakčný priestor. Zabezpečenie samofinancovateľnosti rastu podniku. Cyklus prevádzkových peňažných prostriedkov. Marketingový spôsob myslenia. Definícia...

Description complète

Enregistré dans:
Détails bibliographiques
Format: Chapitre de livre
Langue:slovaque
Sujets:
Tags: Ajouter un tag
Pas de tags, Soyez le premier à ajouter un tag!

MARC

LEADER 00000naa a2200000 4500
001 r034690
005 20230919123739.7
041 0 |a slo 
044 |a SK 
245 1 0 |a Ako zvládnuť a riadiť počiatočný rast podniku 
520 |a Šesť najdôležitejších fáz rastu podniku. Internet a jeho dopad na spôsob podnikania. Virtuálny komunikačný a informačný priestor. Distribučný a transakčný priestor. Zabezpečenie samofinancovateľnosti rastu podniku. Cyklus prevádzkových peňažných prostriedkov. Marketingový spôsob myslenia. Definícia trhových priestorov. Cyklus aktivity zákazníkov. 
610 2 0 |a rast podniku 
610 2 0 |a podnikanie 
610 2 0 |a riadenie podnikové 
610 2 0 |a komunikácia marketingová 
610 2 0 |a komunikácia manažérska 
610 2 0 |a trh 
610 2 0 |a distribúcia 
610 2 0 |a samofinancovanie 
610 2 0 |a zdroje finančné vlastné 
610 2 0 |a zákazníci 
610 2 0 |a internet